01481nam a2200277 a 4500001001000000003000900010005001700019008004100036040002500077082001100102245009300113246009800206260005400304300003500358600003700393651005300430700004500483910003800528942001400566952012600580952012600706952012600832952011100958952011701069999001701186000027816DO-SdBNP20260321073641.0110405t2009 dr ac 000 0 spa d aDO-SdBNPbspacBNPHU 4aF-RD 800aJuan Bosch :buna vida ejemplar (1909-2009) /cpresentación Carmen Quidiello de Bosch.14aJuan Bosch una vida ejemplar :bcronografía sobre la trayectoria de este dominicano ilustre a[Santo Domingo :bFundación Juan Bosch,c2009]. a57 p. :bil., retrs. ;c27 cm.10a Bosch, Juan, d1909-2001976555 4aRepública DominicanaxHistoriaySiglo XX994901 aQuidiello de Bosch, Carmen,d1915-98255 aValidado. Control de calidad EMS. 2ddccLBS1 001054708DSaGRbGRcCTd2011-06-09iLF1l0oF-RD 8 p27816-30r2020-06-25te. 3w2020-06-25yLFDSZPréstamo en sala 001054708DSaGRbGRcCTd2011-06-09iLF1l0oF-RD 8 p27816-40r2020-06-25te. 4w2020-06-25yLFDSZPréstamo en sala 001054708DSaGRbGRcCTd2011-06-09iLF1l0oF-RD 8 p27816-50r2020-06-25te. 5w2020-06-25yLFDSZPréstamo en sala 0010718PDaPDbPDcCTd2011-04-05iLF1l0oF-RD 8 p27816-10r2020-06-25w2020-06-25yLFPDZNo se presta 0010718PDaPDbPDcCTd2011-06-09iLF1l0oF-RD 8 p27816-20r2020-06-25te. 2w2020-06-25yLFPDZNo se presta c27308d27308